| 000 | 01072nam a2200289 c 4500 | ||
|---|---|---|---|
| 003 | BLK | ||
| 005 | 20250408094842.0 | ||
| 008 | 180411b bul|||||r ||||||| ||bul|| | ||
| 020 | _a9786191710478 | ||
| 040 | _aBLK | ||
| 041 |
_aBUL _cBUL |
||
| 080 |
_aАмериканска литература (на САЩ) _b821.111(73) _x-31 _z821.111(73)-31 |
||
| 100 | 1 |
_aАрден, Катрин _eпърви автор _9350684 |
|
| 139 |
_aАрден, Катрин _bА 82 |
||
| 245 | 1 | 0 |
_aМечокът и славеят : Кн. 1 _bРоман _cКатрин Арден ; прев. от англ. Ангел Ангелов. |
| 257 | _aBGR | ||
| 260 |
_aСофия _bOrange Books _c2017 |
||
| 300 |
_a368 с. _c24 см |
||
| 380 | _aX | ||
| 500 | _aОриг. загл. The Bear and the Nightingale / Katherine Arden. - За авторката. | ||
| 700 |
_aАнгелов, Ангел Пенчев _9379977 |
||
| 852 |
_aЦб 288606 _bЦб |
||
| 856 | 4 | _qpdf | |
| 856 | 4 | _qpdf | |
| 942 |
_cKNG _n0 _03 |
||
| 944 |
_aED _c2023 _k30530 _lМинев Младен |
||
| 999 |
_c205403 _d205403 |
||